Cities of Malta with a Map - Statistics

General Stats
  • This quiz has been taken 108 times
  • The average score is 5 of 11
Answers on the Map
Answers color-coded by a green-red scale on the quiz's map according to % correct below.
 
Answer Stats
Year granted Population Answer % Correct
1571 5,827 Valletta
98%
1887 6,901 Victoria
61%
15th century 243 Mdina
55%
1530 2,489 Birgu
40%
1743 16,801 Qormi
37%
1777 11,079 Żebbuġ
34%
1797 11,386 Żejtun
32%
1722 5,170 Cospicua
30%
1565 2,720 Senglea
30%
1797 15,648 Żabbar
30%
1797 8,721 Siġġiewi
26%
No matching quizzes found
Score Distribution
Percent of People with Each Score
Percentile by Number Answered
Your Score History
You have not taken this quiz